01304nam a22002897a 4500999001700000003000900017008004100026040007100067082002000138245023400158260006400392300006300456500002900519650003200548650003300580650002300613650003400636650003000670650002400700700003300724700003600757700003400793710005400827942001600881945000900897952010800906 c21677d21677AR-CdUCM190312b ||||| |||| 00| 0 spa d aMUNICIPALIDAD PROVINCIAL DEL CUSCOcBIBLIOTECA MUNICIPAL DEL CUSCO a726.60/P10bP10 aPor la ruta del barroco cusqueño /c[textos, Alejandro Repullés, Roberto Samanez Argumedo, Mario Castillo Centeno ... [et al.] ; fotografía, Alfredo Velarde, Daniel Castro ; presentación, Fernando Ruíz Caro Villagarcia] aCusco :bCaja Municipal de Ahorro y Crédito Cusco,c2018. a144, [7] páginas.bilustraciones en color ;c25 x 31 cm. zBibliografía: p. [149] aArquitectura barroca945764 aArquitectura religiosa95651 aArte barroco92947 aMonumentos históricos96891 aTemplos coloniales945765 aCusco Perú945766 aRepullés, Alejandro945767 aSamanez Argumedo, Roberto95654 aCastillo Centeno, Mario98465 aCaja Municipal de Ahorro y Crédito Cusco945737 2ddccLIBROS aRoel 002ddc4070aSAbSAcCARTd2021-03-19eDonacióng50.00o726.60/P10pSA0000000722r2021-03-19yLIBROS